Statistics for Most popular cities in cityquiz.io by country (lite version)

Click here to take the quiz!

General Stats

  • This quiz has been taken 141 times
    (138 since last reset)
  • The average score is 342 of 645

Answers on the Map

Answers color-coded by a green-red scale on the quiz's map according to % correct below.
 

Answer Stats

Country or TerrorityMention RatePopulationAnswers% Correct
China83.94%16704306Beijing
90%
Hong Kong74.8%7012738Hong Kong
87%
China75.61%20217748Shanghai
87%
Japan84.95%8336599Tokyo
87%
France71.23%2148271Paris
86%
China38.01%9583277Tianjin
86%
Germany69.74%3769495Berlin
85%
United Kingdom76.52%8908081London
84%
Canada37.31%383822London
84%
Macau49.01%520400Macau
83%
Taiwan16.56%4014560New Taipei
83%
Taiwan60.43%2646204Taipei
83%
China57.15%7541527Wuhan
83%
China53.26%10641408Guangzhou
82%
Russia68.15%11747702Moscow
80%
China40.85%5403052Xi'an
80%
Turkey50.64%15214177Istanbul
79%
United States79.26%3898747Los Angeles
79%
Chile13.69%218515Los Angeles
79%
China41.4%5827888Nanjing
79%
Italy68.12%2860009Rome
79%
China36.4%9177000Chengdu
78%
China38.73%6263790Chongqing
78%
China31.45%4596313Ha'erbin
78%
Italy57.22%1404239Milan
78%
United States83.76%8804190New York
78%
Japan58.64%2592413Osaka
78%
South Korea75.32%9668465Seoul
78%
China40.71%10358381Shenzhen
77%
Australia74.29%4321535Sydney
77%
China22.56%3662000Xiamen
77%
United Arab Emirates67.72%2956587Dubai
76%
Germany52.53%1899160Hamburg
76%
Ukraine59.05%2950800Kyiv
76%
Japan52.29%1459640Kyoto
76%
Spain68.51%3223334Madrid
76%
Germany58.75%1471508Munich
76%
Canada67.59%631486Vancouver
76%
South Korea42.35%3391946Busan
75%
India57.4%317797New Delhi
75%
China26.95%4556077Qingdao
75%
China31.72%2853398Urumqi
75%
Netherlands61.82%741636Amsterdam
74%
Turkey63.77%3517182Ankara
74%
Venezuela15.12%454200Barcelona
74%
Spain63.69%1620343Barcelona
74%
Ireland63.64%554554Dublin
74%
Portugal62.53%517802Lisbon
74%
Philippines63.67%1600000Manila
74%
Czechia57.64%1324277Prague
74%
Austria60.17%1888776Vienna
74%
Denmark57.92%632340Copenhagen
73%
China27.15%5849537Hangzhou
73%
Mexico79.06%8918653Mexico City
73%
Norway63.23%580000Oslo
73%
Greece62.77%664046Athens
72%
Thailand67.11%5104476Bangkok
72%
Egypt75.62%9293612Cairo
72%
United States74.32%442241Miami
72%
Iceland49.24%118918Reykjavik
72%
Sweden60.71%975904Stockholm
72%
Mongolia51.95%844818Ulan Bator
72%
Belgium57.02%1211035Brussels
71%
China23.29%3902467Dalian
71%
Indonesia65.85%8540121Jakarta
71%
United Kingdom55.59%563561Manchester
71%
Japan28.92%2191279Nagoya
71%
Italy49.91%959470Naples
71%
Russia59.56%4879566Saint Petersburg
71%
United States72.32%873965San Francisco
71%
United States71.7%737015Seattle
71%
Italy51.89%258685Venice
71%
United States66.75%689545Washington
71%
Switzerland45.4%341730Zurich
71%
Andorra39.32%20430Andorra la Vella
70%
Switzerland48.3%121631Bern
70%
United States69.8%675647Boston
70%
Hungary56.14%1752286Budapest
70%
United States74.62%2746388Chicago
70%
Tanzania34.55%4364541Dar es Salaam
70%
Germany47.76%650000Frankfurt am Main
70%
Switzerland38.96%183981Geneva
70%
Vietnam56.45%8053663Hanoi
70%
Finland58.25%558457Helsinki
70%
Vietnam54.9%8993082Ho Chi Minh City
70%
China21.89%3385363Kunming
70%
Luxembourg45.6%76684Luxembourg
70%
India68.66%12691836Mumbai
70%
Canada64.88%934243Ottawa
70%
Australia57.85%1874578Perth
70%
Portugal47.56%249633Porto
70%
North Korea63.83%3222000Pyongyang
70%
Brazil69.55%6747815Rio de Janeiro
70%
Netherlands41.9%598199Rotterdam
70%
Japan38.87%1883027Sapporo
70%
China24.29%5718232Shenyang
70%
Singapore66.19%5453600Singapore
70%
Canada72.69%2731571Toronto
70%
Poland63.28%1790658Warsaw
70%
New Zealand49.26%215100Wellington
70%
United Arab Emirates54.05%603492Abu Dhabi
69%
New Zealand45.69%1470100Auckland
69%
South Africa64.22%3430992Cape Town
69%
United Kingdom47.91%591620Glasgow
69%
China30.56%220252Lhasa
69%
United Kingdom48.58%864122Liverpool
69%
France47.39%472317Lyon
69%
Australia61.11%4196198Melbourne
69%
Iran64.24%7153309Tehran
69%
Brazil64.87%3055149Brasilia
68%
Morocco47.82%3359818Casablanca
68%
China23.49%3534500Fuzhou
68%
United States71.14%2304580Houston
68%
Kuwait45.6%60064Kuwait City
68%
France48.1%794811Marseille
68%
Yemen38.12%1937451Sanaa
68%
Italy39.68%870456Turin
68%
Colombia57.8%7743955Bogota
67%
United States70.95%1304379Dallas
67%
Syria53.26%1569394Damascus
67%
India68.18%10927986Delhi
67%
United States65.73%639111Detroit
67%
Italy39.03%349296Florence
67%
China16.53%3098727Hefei
67%
Israel65.94%801000Jerusalem
67%
Canada61.72%1704694Montreal
67%
Ethiopia51.98%3273000Addis Ababa
66%
Argentina65.5%2890151Buenos Aires
66%
China18.4%4015700Changsha
66%
United Kingdom49.48%464990Edinburgh
66%
Japan55.14%1143841Hiroshima
66%
Afghanistan57.16%3043532Kabul
66%
Malaysia53.21%1453975Kuala Lumpur
66%
Peru63.52%8838102Lima
66%
Monaco45.78%32965Monaco
66%
United States65.68%1386932San Diego
66%
Brazil63.35%12325232Sao Paulo
66%
Israel48.42%432892Tel Aviv
66%
China18.58%4459300Zhengzhou
66%
Romania51.9%2151665Bucharest
65%
Germany43.87%1085664Cologne
65%
United States65.06%715522Denver
65%
Italy32.09%580223Genoa
65%
Cuba61.72%2132394Havana
65%
Nepal46.07%1442271Kathmandu
65%
China18.92%2660833Nanning
65%
United States63.4%1603797Philadelphia
65%
Saudi Arabia54.72%4205961Riyadh
65%
Bulgaria49.56%1238438Sofia
65%
Croatia62.01%698966Zagreb
65%
Egypt55.69%5107530Alexandria
64%
Algeria58.5%2364230Algiers
64%
Iraq63.05%7216000Baghdad
64%
Azerbaijan50.41%1116513Baku
64%
United Kingdom41.3%274770Belfast
64%
Norway27.88%213585Bergen
64%
Australia44.21%2054614Brisbane
64%
Australia57.66%431668Canberra
64%
China15.3%3411209Changchun
64%
Qatar40.19%344939Doha
64%
China16.2%3641562Jinan
64%
United States72.28%641903Las Vegas
64%
Saudi Arabia52.38%1323624Mecca
64%
Belarus49.68%2020600Minsk
64%
United States64.17%383997New Orleans
64%
France45.08%338620Nice
64%
Latvia47.54%742572Riga
64%
Costa Rica49.17%1453500San Jose
64%
United States46.06%1013240San Jose
64%
Bosnia and Herzegovina41.5%696731Sarajevo
64%
Spain40.95%703206Seville
64%
France33.33%274845Strasbourg
64%
Tunisia57.89%638845Tunis
64%
Spain40.36%814208Valencia
64%
Venezuela37.69%1585500Valencia
64%
Japan30.82%3574443Yokohama
64%
United Kingdom39.29%1223000Birmingham
63%
France37.69%231844Bordeaux
63%
Sri Lanka41.48%648034Colombo
63%
Bangladesh54.07%10356500Dhaka
63%
South Africa57.07%7860781Johannesburg
63%
Japan52.16%410204Nagasaki
63%
United States57.62%307573Orlando
63%
United States64.67%1608139Phoenix
63%
Estonia45.04%394024Tallinn
63%
Albania37.16%374801Tirana
63%
Australia40.99%1165632Adelaide
62%
Kazakhstan45.99%345604Astana
62%
United States66.57%498715Atlanta
62%
Serbia45.65%1397939Belgrade
62%
Austria31.97%153377Salzburg
62%
Chile61.33%5220161Santiago
62%
Netherlands35.31%474292The Hague
62%
Vatican City37.13%829Vatican City
62%
Lithuania41.61%542366Vilnius
62%
Myanmar32.41%4477638Yangon
62%
Belgium30.16%459805Antwerpen
61%
United States64.32%961855Austin
61%
United Kingdom35.26%447287Cardiff
61%
Australia39.13%118456Darwin
61%
Germany32.57%486854Dresden
61%
Palestine26.81%410000Gaza
61%
Pakistan47.6%11624219Karachi
61%
Italy35.14%648260Palermo
61%
Panama50.89%430299Panama City
61%
United States65.45%652503Portland
61%
China20.36%4083923Suzhou
61%
Lebanon16.86%229398Tripoli
61%
Libya51.88%591062Tripoli
61%
Kazakhstan30.1%2000900Almaty
60%
Jordan39.56%1275857Amman
60%
Spain31.65%354860Bilbao
60%
Germany31.23%546501Bremen
60%
Ireland29.67%190384Cork
60%
Gibraltar23.79%26544Gibraltar
60%
Turkey30.86%2500603Izmir
60%
Saudi Arabia38.98%1300000Medina
60%
Kenya53.64%4397073Nairobi
60%
Ukraine27.81%1011494Odessa
60%
Cambodia37.96%1573544Phnom Penh
60%
Canada46.99%1239220Calgary
59%
United States58.62%350964Honolulu
59%
South Korea23.85%2942828Incheon
59%
Nigeria60.61%13903620Lagos
59%
Maldives22.41%103693Male
59%
United States54.82%429954Minneapolis
59%
Cyprus28.5%200452Nicosia
59%
Georgia44.47%1049498Tbilisi
59%
Russia45.95%592034Vladivostok
59%
Armenia39.22%1093485Yerevan
59%
United States50.85%291247Anchorage
58%
Lebanon46.19%1916100Beirut
58%
Slovakia41.05%423737Bratislava
58%
New Zealand29.34%383200Christchurch
58%
Ukraine24.58%929063Donetsk
58%
China18.78%7271322Dongguan
58%
Germany32.22%573057Dusseldorf
58%
Poland36.57%461865Gdansk
58%
Guyana28.66%118369Georgetown
58%
Malaysia26.5%300000George Town
58%
Ascension Island10.22%450Georgetown
58%
Pakistan54.3%601600Islamabad
58%
Russia29.58%431902Kaliningrad
58%
Democratic Republic of the Congo51.05%7273947Kinshasa
58%
India48.78%4631392Kolkata
58%
Poland43.94%755050Krakow
58%
Angola41.81%6759313Luanda
58%
Oman39.8%797000Muscat
58%
Greenland33.4%18326Nuuk
58%
Ecuador47.47%1607734Quito
58%
Morocco44.15%577827Rabat
58%
United States56.24%524943Sacramento
58%
United States55.25%1434625San Antonio
58%
France30.6%433055Toulouse
58%
Nigeria36.83%1235880Abuja
57%
India36.32%5104047Bengaluru
57%
Senegal46.23%2646503Dakar
57%
Germany34.26%588462Dortmund
57%
Canada45.52%932546Edmonton
57%
United States58.2%508090Kansas City
57%
Norfolk Island14.35%100Kingston
57%
Jamaica67.42%584627Kingston
57%
St. Vincent and the Grenadines13.94%12961Kingstown
57%
Japan24.15%1528478Kobe
57%
Germany28.99%499237Nuremberg
57%
Italy23.42%77007Pisa
57%
Senegal11.22%209752Saint-Louis
57%
Uzbekistan37.73%1978028Tashkent
57%
Greece29.98%354290Thessaloniki
57%
Malta19.42%6794Valletta
57%
Djibouti37.24%475322Djibouti
56%
China16.87%6771895Foshan
56%
Japan21.99%1392289Fukuoka
56%
Saudi Arabia30.49%2867446Jeddah
56%
Ukraine18.86%1451132Kharkiv
56%
Germany31.82%504971Leipzig
56%
Ukraine23.71%717803Lviv
56%
Bahrain24.82%147074Manama
56%
Brazil34.58%2219580Manaus
56%
United Kingdom28.5%171380Oxford
56%
Canada58.59%531902Quebec
56%
United States61.31%199723Salt Lake City
56%
United States49.64%301578St. Louis
56%
Bhutan26.86%98676Thimphu
56%
Moldova29.66%635994Chisinau
55%
Sweden28.46%572799Gothenburg
55%
India33.44%3597816Hyderabad
55%
Pakistan15.22%1386330Hyderabad
55%
South Korea15.59%492466Jeju City
55%
Sudan40.55%1410858Khartoum
55%
Bolivia47.0%816044La Paz
55%
United Kingdom29.42%455123Leeds
55%
Austria14.89%204846Linz
55%
Sweden34.3%301706Malmo
55%
Somalia43.84%4901000Mogadishu
55%
Australia31.51%322278Newcastle
55%
United Kingdom27.67%192382Newcastle upon Tyne
55%
Haiti38.93%875978Port-au-Prince
55%
Papua New Guinea30.58%364125Port Moresby
55%
South Africa48.49%1763336Pretoria
55%
Syria33.2%1602264Aleppo
54%
Paraguay36.84%521600Asuncion
54%
Republic of the Congo40.38%1373382Brazzaville
54%
United Kingdom25.2%158434Cambridge
54%
United States45.14%874579Charlotte
54%
Tajikistan28.12%679400Dushanbe
54%
Pakistan36.45%6310888Lahore
54%
Slovenia33.36%272220Ljubljana
54%
Bahamas29.93%246329Nassau
54%
San Marino32.44%4500San Marino
54%
Namibia34.25%325858Windhoek
54%
Madagascar38.02%1275207Antananarivo
53%
United States49.3%585708Baltimore
53%
Switzerland19.31%164488Basel
53%
India33.61%4328063Chennai
53%
Mexico16.24%305155Ciudad Victoria
53%
United States54.85%887642Indianapolis
53%
Uganda33.01%1680600Kampala
53%
United States45.11%577222Milwaukee
53%
Uruguay48.28%1304687Montevideo
53%
United Kingdom22.44%246201Southampton
53%
Germany31.84%589793Stuttgart
53%
Mexico42.71%1300983Tijuana
53%
Italy20.2%219103Verona
53%
Canada32.6%85792Victoria
53%
Seychelles23.88%26450Victoria
53%
Kyrgyzstan32.69%900000Bishkek
52%
United Kingdom26.69%617280Bristol
52%
Thailand11.6%200952Chiang Mai
52%
Guatemala36.44%1195727Guatemala City
52%
Russia20.54%1143535Kazan
52%
France28.55%228328Lille
52%
France26.93%277269Nantes
52%
Russia26.24%1473754Novosibirsk
52%
El Salvador34.71%209633San Salvador
52%
North Macedonia33.62%474889Skopje
52%
United States50.05%384959Tampa
52%
Laos42.78%196731Vientiane
52%
Russia32.14%1021215Volgograd
52%
Italy20.36%277387Bari
51%
Italy26.25%366133Bologna
51%
Belgium22.09%116709Bruges
51%
Venezuela52.44%2087700Caracas
51%
Bangladesh19.11%3920222Chittagong
51%
United States49.55%372624Cleveland
51%
South Africa28.22%2786046Durban
51%
Austria20.93%222326Graz
51%
Israel16.18%267300Haifa
51%
Germany29.05%515140Hannover
51%
United States43.95%153701Jackson
51%
Mexico30.63%1135512Monterrey
51%
United States55.45%689447Nashville
51%
United States54.75%681054Oklahoma City
51%
United Kingdom20.67%685368Sheffield
51%
Denmark16.69%237551Aarhus
50%
Ivory Coast26.34%4395243Abidjan
50%
Ghana37.82%2070463Accra
50%
Yemen18.65%550602Aden
50%
United States46.69%564559Albuquerque
50%
Turkmenistan31.62%727700Ashgabat
50%
Mali30.24%1810366Bamako
50%
Central African Republic25.61%734350Bangui
50%
The Gambia22.59%31054Banjul
50%
Guinea-Bissau27.72%387909Bissau
50%
United States48.08%278349Buffalo
50%
Belgium19.9%231493Ghent
50%
Egypt28.31%4212750Giza
50%
Mexico32.96%1495182Guadalajara
50%
Zimbabwe32.94%1485231Harare
50%
Australia27.01%178009Hobart
50%
Austria20.82%132493Innsbruck
50%
Iran17.86%1547164Isfahan
50%
South Sudan30.39%230195Juba
50%
Gabon31.1%703940Libreville
50%
Spain26.99%568305Malaga
50%
Morocco32.91%928850Marrakesh
50%
Kenya25.04%1208333Mombasa
50%
Montenegro25.55%136473Podgorica
50%
Kosovo26.12%204721Pristina
50%
Russia20.6%1089261Rostov-on-Don
50%
Ukraine23.44%416263Sevastopol
50%
Russia21.24%343334Sochi
50%
Bolivia27.52%295476Sucre
50%
Indonesia17.8%2374658Surabaya
50%
Canada42.99%705244Winnipeg
50%
Cameroon28.62%1817524Yaounde
50%
Spain23.33%674317Zaragoza
50%
United Kingdom22.78%196670Aberdeen
49%
Egypt13.4%337472Aswan
49%
Brazil29.06%2521564Belo Horizonte
49%
Mexico31.17%628306Cancun
49%
United States49.56%905748Columbus
49%
Argentina28.08%1310394Cordoba
49%
Indonesia10.28%834881Denpasar
49%
United States49.16%678815El Paso
49%
Australia25.8%600335Gold Coast
49%
Canada36.42%316701Halifax
49%
United States52.3%949611Jacksonville
49%
Belgium18.15%182597Liege
49%
Colombia30.57%2533424Medellin
49%
United States45.88%633104Memphis
49%
Burkina Faso27.68%1475223Ouagadougou
49%
Spain22.26%401270Palma
49%
Brazil31.34%2886698Salvador
49%
Croatia24.22%176314Split
49%
Liechtenstein25.75%5197Vaduz
49%
Russia25.34%1349977Yekaterinburg
49%
Brunei36.82%64409Bandar Seri Begawan
48%
Germany22.23%313125Bonn
48%
Czechia23.21%369559Brno
48%
Morocco28.24%1112072Fes
48%
Sierra Leone37.06%1055964Freetown
48%
Spain19.64%48684Ibiza
48%
Taiwan14.52%1519711Kaohsiung
48%
Nicaragua28.06%1052217Managua
48%
Chad29.66%951418N'Djamena
48%
Niger28.6%978029Niamey
48%
Japan17.22%125483Okinawa
48%
United Kingdom20.52%260203Plymouth
48%
Japan19.92%1063103Sendai
48%
Poland22.58%634893Wroclaw
48%
Australia25.84%23726Alice Springs
47%
Eritrea25.01%380568Asmara
47%
Philippines16.24%798634Cebu City
47%
Timor-Leste25.53%150000Dili
47%
Spain24.37%234325Granada
47%
Ecuador18.53%2278691Guayaquil
47%
Germany21.38%232758Kiel
47%
Rwanda27.28%859332Kigali
47%
Togo28.02%2173800Lome
47%
France21.18%248252Montpellier
47%
Mauritania25.62%958399Nouakchott
47%
Algeria19.7%803329Oran
47%
Brazil25.51%1488252Porto Alegre
47%
Brazil26.58%1653461Recife
47%
United States43.58%226610Richmond
47%
Dominican Republic34.52%2581827Santo Domingo
47%
Italy19.56%187056Trieste
47%
Netherlands18.29%290529Utrecht
47%
India23.85%3719710Ahmedabad
46%
Turkey21.5%758188Antalya
46%
France22.65%74433Calais
46%
Colombia23.91%2252616Cali
46%
United States42.1%309317Cincinnati
46%
Tanzania23.29%213636Dodoma
46%
United Kingdom20.65%41709Dover
46%
Croatia20.56%28428Dubrovnik
46%
Botswana26.3%231592Gaborone
46%
United States40.18%32255Juneau
46%
Poland21.59%768755Lodz
46%
Myanmar15.99%1208099Mandalay
46%
Myanmar23.23%925000Nay Pyi Taw
46%
United States41.66%440646Oakland
46%
Benin23.75%264320Porto-Novo
46%
Canada33.23%108860St. John's
46%
United States40.07%311527St. Paul
46%
Egypt22.1%740874Suez
46%
Honduras26.86%1276738Tegucigalpa
46%
United Kingdom29.37%153717York
46%
Guinea26.61%1660973Conakry
45%
Peru19.43%477300Cusco
45%
Russia21.74%587891Irkutsk
45%
United States49.39%302971Pittsburgh
45%
Fiji20.33%185913Suva
45%
Taiwan12.76%771235Tainan
45%
United States42.11%227470Baton Rouge
44%
Japan22.56%294237Fukushima
44%
Nigeria19.6%3931300Kano
44%
Malawi23.09%989318Lilongwe
44%
Zambia29.1%1747152Lusaka
44%
Mozambique31.57%1080277Maputo
44%
Eswatini20.56%57992Mbabane
44%
Iraq24.04%1739800Mosul
44%
Suriname28.1%240924Paramaribo
44%
Puerto Rico24.88%322854San Juan
44%
São Tomé and Príncipe23.41%66888Sao Tome
44%
Taiwan11.58%1040725Taichung
44%
Belize22.61%24294Belmopan
43%
Libya24.66%446250Benghazi
43%
South Africa25.45%464591Bloemfontein
43%
South Korea18.23%2418346Daegu
43%
Germany22.5%593085Essen
43%
Lithuania15.64%374643Kaunas
43%
United States41.51%633045Louisville
43%
Ukraine10.96%452000Luhansk
43%
Iran12.07%2307177Mashhad
43%
Russia16.34%1250619Nizhny Novgorod
43%
United States39.94%190934Providence
43%
Iran13.09%1249942Shiraz
43%
Morocco22.94%947952Tangier
43%
Norway18.33%147139Trondheim
43%
Indonesia15.57%1699719Bandung
42%
Ireland14.58%70686Galway
42%
Netherlands15.39%181194Groningen
42%
Poland19.14%317316Katowice
42%
Egypt18.21%250704Luxor
42%
Mauritius19.62%146737Port-Louis
42%
India20.74%2935744Pune
42%
Sri Lanka13.15%115826Sri Jayewardenepura Kotte
42%
United States49.0%99224Albany
41%
Iraq18.69%2600000Basra
41%
French Guiana17.0%61268Cayenne
41%
Ukraine13.45%998103Dnipro
41%
Brazil26.02%2686612Fortaleza
41%
United States43.63%918915Fort Worth
41%
Liberia32.52%1021762Monrovia
41%
South Africa21.19%876436Port Elizabeth
41%
Trinidad and Tobago22.2%37074Port of Spain
41%
Poland21.55%570352Poznan
41%
Cape Verde19.36%127832Praia
41%
Canada34.05%246376Saskatoon
41%
United Kingdom20.07%300352Swansea
41%
Poland18.03%407811Szczecin
41%
Ivory Coast21.1%212670Yamoussoukro
41%
United States48.83%235684Boise
40%
Mexico24.39%1321004Ciudad Juarez
40%
Vietnam12.52%1134310Da Nang
40%
Philippines15.81%1212504Davao
40%
Greece12.2%137154Heraklion
40%
Serbia13.13%215400Novi Sad
40%
Thailand15.88%89072Phuket
40%
United States44.32%196169Tallahassee
40%
Mali21.96%54629Timbuktu
40%
United Kingdom23.88%139001Brighton
39%
Netherlands16.79%209620Eindhoven
39%
India22.4%2711758Jaipur
39%
United States43.63%202591Little Rock
39%
Equatorial Guinea19.72%132440Malabo
39%
Russia27.07%1154116Omsk
39%
Philippines18.09%2761720Quezon City
39%
United States41.63%467665Raleigh
39%
Russia15.04%1164685Samara
39%
Norway14.31%52436Tromso
39%
Tanzania20.65%501459Zanzibar
39%
Brazil23.77%1499641Belem
38%
Belarus28.0%300715Brest
38%
Barbados13.85%5996Bridgetown
38%
Turkey16.04%1412701Bursa
38%
Romania16.09%316748Cluj-Napoca
38%
Indonesia15.38%1750971Medan
38%
Finland15.18%175945Turku
38%
Belize18.36%64287Belize City
37%
Solomon Islands12.9%130176Honiara
37%
Afghanistan13.25%391190Kandahar
37%
Russia15.22%991162Perm
37%
Greece12.27%56128Rodos
37%
Argentina18.68%948312Rosario
37%
India15.92%2894504Surat
37%
Iran14.74%1424641Tabriz
37%
Russia17.5%1130132Chelyabinsk
36%
Mexico24.54%809232Chihuahua
36%
Brazil20.33%1948626Curitiba
36%
India18.1%2472011Lucknow
36%
Venezuela16.97%2262600Maracaibo
36%
Canada30.56%215106Regina
36%
Russia17.94%269601Yakutsk
36%
India17.32%1430055Agra
35%
Samoa14.48%37391Apia
35%
Colombia13.7%1274250Barranquilla
35%
Pakistan11.55%2506595Faisalabad
35%
Nigeria14.69%3034200Ibadan
35%
United Kingdom21.39%508916Leicester
35%
Lesotho20.5%330760Maseru
35%
Comoros16.96%74749Moroni
35%
Bulgaria12.14%340494Plovdiv
35%
Egypt15.1%760152Port Said
35%
United States43.52%264165Reno
35%
Bolivia23.09%1722480Santa Cruz de la Sierra
35%
Argentina10.8%56593Ushuaia
35%
Bulgaria15.11%312770Varna
35%
Portugal12.32%121394Braga
34%
Burundi15.2%41944Gitega
34%
United States40.91%291082Lincoln
34%
Democratic Republic of the Congo10.37%1283380Lubumbashi
34%
Mexico17.99%1434062Puebla
34%
Uzbekistan16.56%319366Samarkand
34%
Nauru12.56%747Yaren
34%
United States41.93%150227Charleston
33%
Mexico17.95%689775Mexicali
33%
Serbia9.56%250000Nis
33%
Czechia10.22%313088Ostrava
33%
Czechia11.6%164180Plzen
33%
Sudan13.08%394561Port Sudan
33%
Iran9.85%900000Qom
33%
Dominica13.65%14725Roseau
33%
Nigeria15.33%762719Benin City
32%
Palau11.21%271Ngerulmud
32%
Tonga11.52%23221Nuku'alofa
32%
Nigeria9.69%703421Port Harcourt
32%
Antigua and Barbuda14.34%22219Saint John's
32%
Kiribati11.06%56338South Tarawa
32%
Greece19.78%16239Sparti
32%
Iraq12.03%932800Erbil
31%
Indonesia12.2%1321717Makassar
31%
Mexico17.99%777615Merida
31%
Indonesia12.1%1441500Palembang
31%
Vanuatu13.52%51437Port Vila
31%
Burundi15.53%497166Bujumbura
30%
St. Lucia13.68%10634Castries
30%
Cameroon15.02%1906962Douala
30%
Tuvalu12.19%6320Funafuti
30%
Afghanistan11.15%272806Herat
30%
Ghana13.33%2035064Kumasi
30%
Marshall Islands10.97%20301Majuro
30%
Federated States of Micronesia11.06%6647Palikir
30%
Palestine16.55%24599Ramallah
30%
Grenada11.13%3133St. George's
30%
United States55.82%126587Topeka
30%
Chile11.01%315732Valparaiso
30%
Cuba10.67%215086Guantanamo
29%
Slovakia11.51%236563Kosice
29%
Poland15.22%360044Lublin
29%
Croatia10.18%141172Rijeka
29%
Argentina23.85%391164Santa Fe
29%
Croatia10.05%71258Zadar
29%
St. Kitts and Nevis12.99%11400Basseterre
28%
Palestine14.51%29019Bethlehem
28%
Estonia9.9%101092Tartu
28%
Colombia15.26%1028736Cartagena
27%
Pakistan10.04%1218773Peshawar
27%
United States43.32%169176Springfield
27%
Romania10.34%315053Timisoara
27%
Mexico17.49%428323Veracruz
27%
Romania9.54%303399Constanta
26%
Portugal11.53%41355Faro
26%
Syria10.95%775404Homs
26%
Peru11.77%422900Iquitos
26%
Mexico19.1%255029Oaxaca
26%
Algeria11.32%448028Constantine
25%
Brazil15.13%1536097Goiania
25%
Somalia9.52%1200000Hargeisa
25%
Vietnam9.56%652572Hue
25%
Mexico23.12%1238962Leon de los Aldama
25%
Brazil17.27%890480Natal
25%
Tunisia13.39%272801Sfax
25%
Turkey14.57%381990Batman
24%
Argentina11.65%114893Mendoza
24%
Brazil17.21%1108975Sao Luis
22%
Lithuania11.02%192307Klaipeda
21%
Argentina11.19%191075La Plata
21%
Réunion10.43%147931Saint-Denis
21%
Democratic Republic of the Congo15.26%249862Goma
20%
Israel9.76%64800Nazareth
20%
Mexico14.71%722772San Luis Potosi
19%
Western Sahara10.11%217732Laayoune
17%

Score Distribution

Percentile by Number Answered

Percent of People with Each Score

Your Score History

You have not taken this quiz since the last reset